El Chaco de 1940

Detalles Bibliográficos
Formato: Libro
Publicado: Buenos Aires : Comisión organizadora de la primera gran exposición del Territorio Nacional del Chaco, 1941.
Materias:
Etiquetas: Agregar Etiqueta
Sin Etiquetas, Sea el primero en etiquetar este registro!

MARC

LEADER 00000nam a22000004a 4500
001 AR-BbUGT2752
003 AR-BbUGT
005 20210316160043.0
007 ta
008 061101t1941 |||ad |0|||0| d
999 |c 10311  |d 10311 
040 |a AR-BbUGT  |b spa  |c AR-BbUGT 
082 0 4 |a 918.2305 
245 0 3 |a El Chaco de 1940 
260 |a Buenos Aires :   |b Comisión organizadora de la primera gran exposición del Territorio Nacional del Chaco,   |c 1941. 
300 |a 206 p. :   |b il., tablas 
651 4 |a Chaco (Argentina : Territorio Nacional)  |9 267 
653 |a Chaco 
942 |c BK  |h 918.2305  |i CH344  |m D  |2 ddc  |6 918_230500000000000_CH344